| 000 -CABECERA |
| campo de control de longitud fija |
00987nam a22002177a 4500 |
| 003 - IDENTIFICADOR DEL NÚMERO DE CONTROL |
| campo de control |
OSt |
| 005 - FECHA Y HORA DE LA ÚLTIMA TRANSACCIÓN |
| campo de control |
20220602124718.0 |
| 008 - DATOS DE LONGITUD FIJA--INFORMACIÓN GENERAL |
| campo de control de longitud fija |
150807s2015 pe 000 0 spa |
| 020 ## - NÚMERO INTERNACIONAL ESTÁNDAR DEL LIBRO |
| Número Internacional Estándar del Libro |
9786124406058 |
| 040 ## - FUENTE DE LA CATALOGACIÓN |
| Centro/agencia transcriptor |
Biblioteca Municipal de Cusco |
| 082 ## - NÚMERO DE LA CLASIFICACIÓN DECIMAL DEWEY |
| Número de clasificación |
372.52085/H51 |
| Notación interna |
H51 |
| 100 ## - ENTRADA PRINCIPAL--NOMBRE DE PERSONA |
| Nombre de persona |
Higa Oshiro, Augusto |
| Fechas asociadas al nombre |
1946- |
| Término indicativo de función/relación |
autor |
| 9 (RLIN) |
48043 |
| 245 ## - MENCIÓN DE TÍTULO |
| Título |
Japón no da dos oportunidades / |
| Mención de responsabilidad, etc. |
Augusto Higa Oshiro |
| 250 ## - MENCIÓN DE EDICIÓN |
| Mención de edición |
Segunda edición, primera reimpresión. |
| 264 #1 - PRODUCCIÓN, PUBLICACIÓN, DISTRIBUCIÓN, FABRICACIÓN Y COPYRIGHT |
| Producción, publicación, distribución, fabricación y copyright |
Lima : |
| Nombre del de productor, editor, distribuidor, fabricante |
Animal de Invierno, |
| -- |
Libro & Arte, |
| Fecha de producción, publicación, distribución, fabricación o copyright |
2020. |
| 300 ## - DESCRIPCIÓN FÍSICA |
| Extensión |
270 páginas ; |
| Dimensiones |
22 cm. |
| 520 ## - SUMARIO, ETC. |
| Sumario, etc. |
Testimonio del autor sobre su experiencia laboral en Gunma-Tokio-Japon durante 18 meses, en condición de dekasegui (trabajador en tierra lejana), incluye información sobre la productividad de la industria japonesa y las difíciles y duras condiciones sociales y de trabajo para los nikkei. |
| 650 ## - PUNTO DE ACCESO ADICIONAL DE MATERIA--TÉRMINO DE MATERIA |
| Término de materia o nombre geográfico como elemento de entrada |
Peruanos |
| Subdivisión geográfica |
Japón |
| 9 (RLIN) |
48044 |
| 651 ## - PUNTO DE ACCESO ADICIONAL DE MATERIA--NOMBRE GEOGRÁFICO |
| Nombre geográfico |
Japón |
| Subdivisión general |
Emigración e inmigración |
| 9 (RLIN) |
48045 |
| 942 ## - ELEMENTOS DE PUNTO DE ACCESO ADICIONAL (KOHA) |
| Fuente del sistema de clasificación o colocación |
|
| Tipo de ítem Koha |
Libros-BMC |